[Event "BAN-ch 35th"]
[Site "Dhaka"]
[Date "2009.07.12"]
[Round "13"]
[White "Abu Sufian, Sakil"]
[Black "Mohammad, Ali"]
[Result "1-0"]
[WhiteElo "2378"]
[BlackElo "2253"]
[PlyCount "49"]
[EventDate "2009.06.29"]
[EventType "tourn"]
[EventRounds "13"]
[EventCountry "BAN"]
[EventCategory "2"]
[SourceTitle "CBM 131 Extra"]
[Source "ChessBase"]
[SourceDate "2009.09.03"]
[SourceVersion "2"]
[SourceVersionDate "2009.09.16"]
[SourceQuality "1"]

1. e4 c5 2. Nf3 e6 3. d4 cxd4 4. Nxd4 a6 5. Nc3 d6 6. Bc4 b5 7. Bb3 Nf6 8. Bg5 Be7 9. Qf3 Qc7 10. e5 Bb7 11. exd6 Bxd6 12. Qe3 Bc5 13. 0-0-0 Qe7 14. Qh3 0-0 15. Rhe1 Bxd4 16. Rxd4 h6 17. Bxh6 Qc5 18. Be3 Qf5 19. Qxf5 exf5 20. Bg5 Nc6 21. Bxf6 gxf6 22. Rd7 Na5 23. Bd5 Bxd5 24. Nxd5 Kg7 25. Nc7 1-0

[Event "BAN-ch 35th"]
[Site "Dhaka"]
[Date "2009.07.04"]
[Round "6"]
[White "Mohammad, Ali"]
[Black "Chatterjee, Debaraj"]
[Result "1-0"]
[WhiteElo "2253"]
[BlackElo "2248"]
[PlyCount "93"]
[EventDate "2009.06.29"]
[EventType "tourn"]
[EventRounds "13"]
[EventCountry "BAN"]
[EventCategory "2"]
[SourceTitle "CBM 131 Extra"]
[Source "ChessBase"]
[SourceDate "2009.09.03"]
[SourceVersion "2"]
[SourceVersionDate "2009.09.16"]
[SourceQuality "1"]

1. e4 c5 2. Nf3 d6 3. d4 cxd4 4. Nxd4 Nf6 5. Nc3 a6 6. Bc4 e6 7. Bb3 b5 8. 0-0 Be7 9. Qf3 Qc7 10. Qg3 0-0 11. Bh6 Ne8 12. Rfe1 Bd7 13. Rad1 Nc6 14. a3 Nxd4 15. Rxd4 Qc5 16. Rd3 Qh5 17. Bf4 a5 18. e5 b4 19. axb4 axb4 20. Na2 d5 21. Bd2 Nc7 22. Bxb4 Bxb4 23. Nxb4 Rfb8 24. Qf4 Bb5 25. Rc3 Na6 26. Rh3 Qg6 27. Rg3 Qh5 28. Qf6 g6 29. Nxd5 exd5 30. Bxd5 Ra7 31. c4 Be8 32. Ra3 Rxb2 33. g3 Re2 34. Rxe2 Qxe2 35. Qd8 Qxe5 36. Rd3 Qa1+ 37. Kg2 Nc7 38. Bc6 Kg7 39. Bxe8 Ne6 40. Qd5 Rc7 41. Bxf7 Kxf7 42. Qd6 Re7 43. Rf3+ Ke8 44. Qc6+ Kd8 45. Rd3+ Nd4 46. Qb6+ Ke8 47. Qxd4 1-0

[Event "Bhubaneswar op 1st"]
[Site "Bhubaneswar"]
[Date "2009.06.08"]
[Round "3"]
[White "Mohammad, Ali"]
[Black "Saptarshi, Roy Chowdhury"]
[Result "0-1"]
[WhiteElo "2253"]
[BlackElo "2396"]
[PlyCount "130"]
[EventDate "2009.06.07"]
[EventType "swiss"]
[EventRounds "10"]
[EventCountry "IND"]
[SourceTitle "CBM 130 Extra"]
[Source "ChessBase"]
[SourceDate "2009.07.02"]
[SourceVersion "2"]
[SourceVersionDate "2009.07.15"]
[SourceQuality "1"]

1. e4 d5 2. exd5 Qxd5 3. Nc3 Qa5 4. d4 Nf6 5. Nf3 c6 6. Bc4 Bf5 7. Bd2 e6 8. Nd5 Qd8 9. Nxf6+ gxf6 10. Bb3 Qc7 11. Qe2 Nd7 12. 0-0-0 0-0-0 13. Nh4 Bg6 14. f4 f5 15. h3 Nf6 16. Qe5 Be7 17. Nxg6 hxg6 18. Rhe1 Ne4 19. Rxe4 fxe4 20. Qxe4 Kb8 21. Be3 Rh4 22. Qf3 Rhh8 23. c3 c5 24. d5 c4 25. Bc2 exd5 26. Rxd5 Rxd5 27. Qxd5 Bf6 28. Bd1 Re8 29. Qf3 Qa5 30. Kb1 Qf5+ 31. Bc2 Qe6 32. Bc1 Qc6 33. Qxc6 bxc6 34. Bd1 Kc7 35. Kc2 Bh4 36. Bf3 Bg3 37. Bd2 f5 38. Kd1 Kb6 39. Be2 Kc5 40. Bf3 Bf2 41. b4+ cxb3 42. axb3 Be3 43. Bxe3+ Rxe3 44. Kd2 Re7 45. Kd3 a5 46. Kd2 Rb7 47. Kc2 Ra7 48. Kd3 a4 49. bxa4 Rxa4 50. g3 Ra1 51. g4 Ra4 52. gxf5 gxf5 53. Ke3 Rc4 54. Be2 Rxc3+ 55. Bd3 Kd5 56. h4 c5 57. Kd2 Kd4 58. Bxf5 Rf3 59. h5 Rxf4 60. Bg6 Rf2+ 61. Kc1 Rh2 62. Kb1 Kc3 63. Bf7 c4 64. Bg6 Kb3 65. Kc1 Rh1+ 0-1

[Event "Gurgon op 1st"]
[Site "Gurgon"]
[Date "2009.01.22"]
[Round "2"]
[White "Kunte, Abhijit"]
[Black "Mohammad, Ali"]
[Result "1-0"]
[WhiteElo "2527"]
[BlackElo "2232"]
[PlyCount "47"]
[EventDate "2009.01.21"]
[EventType "swiss"]
[EventRounds "10"]
[EventCountry "IND"]
[SourceTitle "CBM 128 Extra"]
[Source "ChessBase"]
[SourceDate "2009.03.05"]
[SourceVersion "2"]
[SourceVersionDate "2009.03.25"]
[SourceQuality "1"]

1. d4 d5 2. c4 c6 3. Nf3 Nf6 4. e3 Bf5 5. Nc3 e6 6. Nh4 Bg6 7. Bd2 Nbd7 8. g3 Bd6 9. b3 0-0 10. Nxg6 hxg6 11. Bg2 Re8 12. 0-0 dxc4 13. bxc4 e5 14. Rb1 Rb8 15. Rb3 Bf8 16. Qc2 Nb6 17. Ne2 exd4 18. Nxd4 Qd7 19. c5 Nbd5 20. Rfb1 Rec8 21. h3 b5 22. cxb6 Rxb6 23. Nf3 Bd6 24. e4 1-0

[Event "Asia-ch U20"]
[Site "Chennai"]
[Date "2008.12.13"]
[Round "8"]
[White "Jaswant, G."]
[Black "Mohammad, Ali"]
[Result "1-0"]
[WhiteElo "1934"]
[BlackElo "2098"]
[PlyCount "125"]
[EventDate "2008.12.05"]
[EventType "swiss"]
[EventRounds "9"]
[EventCountry "IND"]
[SourceTitle "CBM 127 Extra"]
[Source "ChessBase"]
[SourceDate "2009.01.08"]
[SourceVersion "2"]
[SourceVersionDate "2009.01.28"]
[SourceQuality "1"]

1. d4 d6 2. Nf3 Nf6 3. Bg5 Ne4 4. Bf4 g6 5. Nbd2 f5 6. e3 Nd7 7. Bd3 Ndf6 8. h4 h6 9. c4 e6 10. Qc2 Nxd2 11. Nxd2 Qe7 12. Nf3 Bg7 13. e4 0-0 14. 0-0-0 Ng4 15. exf5 exf5 16. Rde1 Qf6 17. Re2 Bd7 18. Rhe1 Rae8 19. Rxe8 Rxe8 20. Rxe8+ Bxe8 21. Qe2 Bf7 22. Bd2 d5 23. c5 b6 24. b4 Nh2 25. Nxh2 Qxd4 26. Nf3 Qa1+ 27. Kc2 Qxa2+ 28. Kd1 Qa1+ 29. Bc1 Qa4+ 30. Qc2 Qxb4 31. cxb6 Qxb6 32. h5 gxh5 33. Bxf5 c5 34. Ba3 c4 35. Qb1 Qc7 36. Nh4 d4 37. Bh7+ Kh8 38. Ng6+ Bxg6 39. Qxg6 Qd7 40. Bc1 Qa4+ 41. Qc2 Qe8 42. Qe4 Qd8 43. Bg6 h4 44. Qe8+ Qxe8 45. Bxe8 Kg8 46. Bb5 c3 47. Bc4+ Kf8 48. Ba3+ Ke8 49. Bc5 a5 50. Bb5+ Kf7 51. Bb6 Ke6 52. Bxa5 Bf6 53. Kc2 Kf5 54. Kd3 Kf4 55. Bc6 h5 56. Bc7+ Kg5 57. Bb6 Kf4 58. Bf3 h3 59. Bc7+ Be5 60. Bxe5+ Kxe5 61. gxh3 h4 62. Bd1 Kf4 63. Kxd4 1-0

[Event "United Insurance 9th"]
[Site "Dhaka"]
[Date "2007.06.04"]
[Round "10"]
[White "Hossain, Monir Khan"]
[Black "Mohammad, Ali"]
[Result "1-0"]
[WhiteElo "2208"]
[BlackElo "2200"]
[PlyCount "60"]
[EventDate "2007.05.27"]
[EventType "swiss"]
[EventRounds "10"]
[EventCountry "BAN"]
[SourceTitle "CBM 118 Extra"]
[Source "ChessBase"]
[SourceDate "2007.07.04"]
[SourceVersion "1"]
[SourceVersionDate "2007.07.04"]
[SourceQuality "1"]

1. d4 d5 2. c4 c6 3. Nf3 Nf6 4. Nc3 dxc4 5. e3 Bf5 6. Bxc4 e6 7. 0-0 Nbd7 8. Nh4 Bg6 9. Nxg6 hxg6 10. e4 Qc7 11. f4 Qa5 12. e5 Nd5 13. Nxd5 cxd5 14. Be2 Be7 15. a3 a6 16. Rf3 Rc8 17. Bd2 Qb6 18. Be1 Rc6 19. b4 Rc7 20. a4 Qa7 21. a5 g5 22. Qd2 g6 23. Bf2 gxf4 24. Qxf4 Rh7 25. Be3 Qb8 26. Bd3 Qa8 27. Qg4 Nf8 28. b5 Qc8 29. Qf4 axb5 30. Bxb5+ Kd8 1-0

[Event "United Insurance 9th"]
[Site "Dhaka"]
[Date "2007.06.02"]
[Round "8"]
[White "Mohammad, Javed"]
[Black "Mohammad, Ali"]
[Result "0-1"]
[WhiteElo "2267"]
[BlackElo "2200"]
[PlyCount "116"]
[EventDate "2007.05.27"]
[EventType "swiss"]
[EventRounds "10"]
[EventCountry "BAN"]
[SourceTitle "CBM 118 Extra"]
[Source "ChessBase"]
[SourceDate "2007.07.04"]
[SourceVersion "1"]
[SourceVersionDate "2007.07.04"]
[SourceQuality "1"]

1. e4 c5 2. Nf3 d6 3. d4 cxd4 4. Nxd4 Nf6 5. Nc3 a6 6. Be3 e5 7. Nb3 Be6 8. f3 Nbd7 9. g4 h6 10. Qd2 Be7 11. 0-0-0 Qc7 12. h4 Nb6 13. Qf2 Nfd7 14. Kb1 0-0-0 15. Nd5 Bxd5 16. exd5 Kb8 17. c4 Rc8 18. Rc1 Na4 19. Qd2 Bf6 20. Rc2 e4 21. fxe4 Rce8 22. Bd3 Nac5 23. Nxc5 Nxc5 24. Bxc5 Qxc5 25. Qf2 Bd4 26. Qxf7 Ref8 27. Qd7 Be5 28. Rd1 Rf2 29. Rxf2 Qxf2 30. Bc2 Qb6 31. Bb3 Rf8 32. c5 Qxc5 33. Qa4 Qb6 34. Qa3 Rf3 35. g5 hxg5 36. hxg5 Rg3 37. g6 Rxg6 38. Bc2 Rg3 39. Bd3 g5 40. Qb3 Qxb3 41. axb3 Rg2 42. Bc2 g4 43. Rf1 g3 44. Rf8+ Ka7 45. Rg8 Rg1+ 46. Ka2 g2 47. b4 Kb6 48. Kb3 Kc7 49. Kc4 b5+ 50. Kd3 Bxb2 51. Kd2 Be5 52. Bd1 Bf4+ 53. Ke2 Bh2 54. Rg7+ Kd8 55. Rg4 Rxd1 56. Rxg2 Rb1 57. Kd3 Be5 58. Ra2 Ra1 0-1

[Event "United Insurance 9th"]
[Site "Dhaka"]
[Date "2007.05.31"]
[Round "6"]
[White "Haque, Rezaul"]
[Black "Mohammad, Ali"]
[Result "1/2-1/2"]
[WhiteElo "2206"]
[BlackElo "2200"]
[PlyCount "125"]
[EventDate "2007.05.27"]
[EventType "swiss"]
[EventRounds "10"]
[EventCountry "BAN"]
[SourceTitle "CBM 118 Extra"]
[Source "ChessBase"]
[SourceDate "2007.07.04"]
[SourceVersion "1"]
[SourceVersionDate "2007.07.04"]
[SourceQuality "1"]

1. Nf3 Nf6 2. d3 d5 3. Bg5 e6 4. Nbd2 Be7 5. c3 0-0 6. e4 dxe4 7. dxe4 b6 8. Qc2 Bb7 9. a4 Na6 10. b4 Nb8 11. Bd3 h6 12. Bxf6 Bxf6 13. e5 Bg5 14. Be4 Bxe4 15. Nxe4 Be7 16. 0-0 a5 17. Rfd1 Qe8 18. b5 Nd7 19. Qd3 Nc5 20. Nxc5 Bxc5 21. Qd7 Rc8 22. Qxe8 Rfxe8 23. Nd4 Bxd4 24. Rxd4 c6 25. c4 cxb5 26. cxb5 Rc5 27. f4 Rec8 28. Rad1 g5 29. g3 Kg7 30. R1d2 Rc2 31. fxg5 hxg5 32. Rxc2 Rxc2 33. Rd6 Rc4 34. Rxb6 Rxa4 35. Ra6 Kg6 36. b6 Ra2 37. g4 a4 38. h3 Re2 39. Rxa4 Rb2 40. Ra6 Rb5 41. Ra3 Rxb6 42. Kf2 Rb1 43. Re3 Kg7 44. Ra3 Rb2+ 45. Ke3 Rh2 46. Kd4 Re2 47. Rf3 Re1 48. Re3 Rxe3 49. Kxe3 f6 50. Ke4 Kf7 51. Kd4 fxe5+ 52. Kxe5 Ke7 53. Ke4 Kd6 54. h4 gxh4 55. g5 e5 56. Kf3 Kd5 57. Kg4 e4 58. Kxh4 e3 59. Kg3 Ke4 60. g6 Kd3 61. g7 e2 62. g8Q e1Q+ 63. Kg2 1/2-1/2

[Event "United Insurance 9th"]
[Site "Dhaka"]
[Date "2007.05.30"]
[Round "4"]
[White "Mohammad, Ali"]
[Black "Lodhi, Mahmood"]
[Result "0-1"]
[WhiteElo "2200"]
[BlackElo "2374"]
[PlyCount "102"]
[EventDate "2007.05.27"]
[EventType "swiss"]
[EventRounds "10"]
[EventCountry "BAN"]
[SourceTitle "CBM 118 Extra"]
[Source "ChessBase"]
[SourceDate "2007.07.04"]
[SourceVersion "1"]
[SourceVersionDate "2007.07.04"]
[SourceQuality "1"]

1. e4 e5 2. Nf3 Nc6 3. Bb5 a6 4. Ba4 Nf6 5. 0-0 Be7 6. Re1 b5 7. Bb3 d6 8. c3 0-0 9. h3 Na5 10. Bc2 c5 11. d4 cxd4 12. cxd4 Qc7 13. Nbd2 Nc6 14. Nb3 Bb7 15. Bg5 h6 16. Bh4 Nb4 17. Bb1 Rac8 18. Qd2 Nc2 19. Rc1 Nxa1 20. Rxc7 Nxb3 21. Qc2 Nxd4 22. Nxd4 exd4 23. Bxf6 d3 24. Qxd3 Rxc7 25. e5 g6 26. Kh2 dxe5 27. Bxe5 Rc5 28. Bg3 Rd8 29. Qe3 Bf8 30. Bxg6 fxg6 31. Qe6+ Kh7 32. Qf7+ Bg7 33. Qxb7 a5 34. Qb6 Rcd5 35. b3 b4 36. Bc7 R8d7 37. Qc6 Rd2 38. f4 Rf7 39. Bxa5 Rxf4 40. Qb7 Rdd4 41. a3 bxa3 42. Bc3 Kg8 43. Bxd4 Rxd4 44. Qa6 Be5+ 45. Kg1 Bd6 46. b4 h5 47. b5 Rd2 48. Qa8+ Kg7 49. Qa7+ Kf6 50. Kf1 a2 51. Ke1 Bb4 0-1

[Event "BAN-ch 33rd"]
[Site "Dhaka"]
[Date "2007.04.14"]
[Round "12"]
[White "Murshed, Niaz"]
[Black "Mohammad, Ali"]
[Result "1-0"]
[WhiteElo "2448"]
[BlackElo "2200"]
[PlyCount "119"]
[EventDate "2007.04.02"]
[EventType "tourn"]
[EventRounds "13"]
[EventCountry "BAN"]
[EventCategory "5"]
[SourceTitle "CBM 117 Extra"]
[Source "ChessBase"]
[SourceDate "2007.05.09"]
[SourceVersion "1"]
[SourceVersionDate "2007.05.09"]
[SourceQuality "1"]

1. c4 e5 2. Nc3 Nf6 3. g3 Nc6 4. Bg2 Bc5 5. e3 Nb4 6. d3 a5 7. a3 Nc6 8. Nge2 0-0 9. 0-0 d6 10. h3 Bb6 11. b3 Re8 12. Kh2 Ne7 13. d4 exd4 14. Nxd4 c6 15. Bb2 d5 16. cxd5 Nexd5 17. Nce2 Bc7 18. Qc2 Qe7 19. Nf4 Be5 20. Rad1 Bd6 21. Ra1 Bd7 22. Rfd1 Be5 23. Re1 Bd6 24. Nxd5 cxd5 25. Nf5 Bxf5 26. Qxf5 Be5 27. Bxe5 Qxe5 28. Qxe5 Rxe5 29. Rac1 Rae8 30. Red1 h6 31. Rc7 b6 32. Rb7 R8e6 33. Rc1 Rf5 34. Kg1 Ne4 35. Rd7 Nc5 36. Rd8+ Kh7 37. Bxd5 Ree5 38. Rd1 g6 39. a4 Kg7 40. Kg2 Ne4 41. Bxe4 Rxe4 42. R1d4 Ree5 43. R8d6 b5 44. g4 Rf6 45. R6d5 Rxd5 46. Rxd5 bxa4 47. bxa4 Ra6 48. f4 Kf6 49. h4 Ra8 50. Kf3 Ke6 51. Rb5 Ra6 52. h5 Kf6 53. hxg6 fxg6 54. e4 Rc6 55. Rxa5 Rc3+ 56. Kf2 Rc4 57. Ke3 Rc3+ 58. Kd4 Rg3 59. Ra6+ Kf7 60. f5 1-0

[Event "BAN-ch 33rd"]
[Site "Dhaka"]
[Date "2007.04.10"]
[Round "8"]
[White "Islam, Khandaker Aminul"]
[Black "Mohammad, Ali"]
[Result "1-0"]
[WhiteElo "2315"]
[BlackElo "2200"]
[PlyCount "123"]
[EventDate "2007.04.02"]
[EventType "tourn"]
[EventRounds "13"]
[EventCountry "BAN"]
[EventCategory "5"]
[SourceTitle "CBM 117 Extra"]
[Source "ChessBase"]
[SourceDate "2007.05.09"]
[SourceVersion "1"]
[SourceVersionDate "2007.05.09"]
[SourceQuality "1"]

1. d4 d5 2. c4 c6 3. Nf3 Nf6 4. Nc3 dxc4 5. a4 Bf5 6. e3 e6 7. Ne5 Nbd7 8. Nxd7 Qxd7 9. Bxc4 Nd5 10. 0-0 Bg6 11. f3 Rd8 12. Ne2 Be7 13. e4 Nb4 14. Be3 0-0 15. Bf2 a6 16. a5 c5 17. Qb3 cxd4 18. Nxd4 Bc5 19. Nxe6 Bxf2+ 20. Rxf2 fxe6 21. Bxe6+ Bf7 22. Bxf7+ Rxf7 23. Qxb4 Qd3 24. Re1 Rc7 25. e5 Qd5 26. e6 Re8 27. Rd2 Qc5+ 28. Qxc5 Rxc5 29. Rd7 Rb5 30. Re2 b6 31. axb6 Rxb6 32. e7 Kf7 33. Ra7 a5 34. Kf2 h6 35. Ke1 Rb5 36. Kf2 Rh5 37. h3 Rb5 38. h4 Rb4 39. Kg3 Rb5 40. Kh3 Rf5 41. Re3 Rb5 42. b3 Rc5 43. g4 Rb5 44. Kg3 Rd5 45. h5 Rb5 46. Kf2 Rc5 47. Ke2 Rd5 48. Rc7 Rd4 49. Rc5 a4 50. Rc4 Rd7 51. Rf4+ Kg8 52. bxa4 Rexe7 53. Rxe7 Rxe7+ 54. Kd3 Re1 55. a5 Ra1 56. Rf5 g6 57. hxg6 Kg7 58. Kc4 Kxg6 59. Kb5 Rb1+ 60. Kc6 Ra1 61. Kb6 Ra3 62. a6 1-0

[Event "BAN-ch 33rd"]
[Site "Dhaka"]
[Date "2007.04.07"]
[Round "6"]
[White "Rahman, Ziaur"]
[Black "Mohammad, Ali"]
[Result "1-0"]
[WhiteElo "2543"]
[BlackElo "2200"]
[PlyCount "41"]
[EventDate "2007.04.02"]
[EventType "tourn"]
[EventRounds "13"]
[EventCountry "BAN"]
[EventCategory "5"]
[SourceTitle "CBM 117 Extra"]
[Source "ChessBase"]
[SourceDate "2007.05.09"]
[SourceVersion "1"]
[SourceVersionDate "2007.05.09"]
[SourceQuality "1"]

1. Nf3 d5 2. d4 Nf6 3. c4 c6 4. Nc3 dxc4 5. a4 Bf5 6. e3 e6 7. Bxc4 Nbd7 8. 0-0 a5 9. Qe2 Bb4 10. e4 Bg4 11. Rd1 Qc7 12. h3 Bxf3 13. Qxf3 e5 14. Qg3 0-0 15. Bh6 Ne8 16. dxe5 Qxe5 17. Rxd7 Qxg3 18. fxg3 gxh6 19. e5 Bxc3 20. bxc3 Rb8 21. Rf1 1-0

[Event "BAN-ch 33rd"]
[Site "Dhaka"]
[Date "2007.04.04"]
[Round "3"]
[White "Mollah Abdullah, Al Rakib"]
[Black "Mohammad, Ali"]
[Result "1-0"]
[WhiteElo "2518"]
[BlackElo "2200"]
[PlyCount "77"]
[EventDate "2007.04.02"]
[EventType "tourn"]
[EventRounds "13"]
[EventCountry "BAN"]
[EventCategory "5"]
[SourceTitle "CBM 117 Extra"]
[Source "ChessBase"]
[SourceDate "2007.05.09"]
[SourceVersion "1"]
[SourceVersionDate "2007.05.09"]
[SourceQuality "1"]

1. d4 d5 2. c4 c6 3. e3 Nf6 4. Bd3 a6 5. Nd2 b5 6. cxd5 cxd5 7. a4 b4 8. a5 e6 9. Ngf3 Nc6 10. 0-0 Bd7 11. Nb3 Bd6 12. Bd2 0-0 13. Qe2 Ra7 14. Rfc1 Qe7 15. Nc5 Bxc5 16. Rxc5 Qd6 17. Rac1 Rb8 18. Be1 Rba8 19. b3 h6 20. Qb2 Ne8 21. Ne5 Nxe5 22. dxe5 Qe7 23. Qd4 Rb7 24. h3 Qd8 25. e4 Nc7 26. Bxb4 Bb5 27. Bb1 Rab8 28. Be1 g6 29. exd5 Nxd5 30. Be4 Rd7 31. Bxd5 Rxd5 32. Qe3 Rxc5 33. Rxc5 Qd3 34. Qc1 Rd8 35. Kh2 Kg7 36. Rc7 Qf5 37. Bb4 Qxf2 38. Be7 Rd2 39. Bf6+ 1-0

[Event "BAN-ch 33rd"]
[Site "Dhaka"]
[Date "2007.04.02"]
[Round "1"]
[White "Rahman, Syed Mahfuzur"]
[Black "Mohammad, Ali"]
[Result "1-0"]
[WhiteElo "2247"]
[BlackElo "2200"]
[PlyCount "73"]
[EventDate "2007.04.02"]
[EventType "tourn"]
[EventRounds "13"]
[EventCountry "BAN"]
[EventCategory "5"]
[SourceTitle "CBM 117 Extra"]
[Source "ChessBase"]
[SourceDate "2007.05.09"]
[SourceVersion "1"]
[SourceVersionDate "2007.05.09"]
[SourceQuality "1"]

1. e4 c5 2. Nf3 d6 3. d4 cxd4 4. Nxd4 Nf6 5. Nc3 a6 6. f3 Qb6 7. Nb3 e5 8. Qd3 Be6 9. g4 Nbd7 10. g5 Nh5 11. Be3 Qc7 12. Nd5 Bxd5 13. exd5 Be7 14. 0-0-0 0-0 15. Bh3 g6 16. Rhg1 a5 17. Qb5 Rfe8 18. c3 Red8 19. a4 Nc5 20. Nxc5 dxc5 21. Qc4 Bd6 22. Bg4 e4 23. Bxh5 gxh5 24. fxe4 Bf4 25. Bxf4 Qxf4+ 26. Kb1 Re8 27. Rge1 Rad8 28. Qxc5 Rxe4 29. Qxa5 Qf5 30. Ka2 Rd7 31. Rxe4 Qxe4 32. Qb5 Rd6 33. Rd4 Qe5 34. h4 b6 35. Qd3 h6 36. gxh6 f5 37. Qd2 1-0

[Event "Asia-ch U20 26th"]
[Site "Negombo"]
[Date "2003.07.21"]
[Round "4"]
[White "Mohammad, Ali"]
[Black "Palawatta, Irusha Tennekoon"]
[Result "0-1"]
[WhiteElo "1995"]
[BlackElo "1911"]
[PlyCount "92"]
[EventDate "2003.07.18"]
[EventType "swiss"]
[EventRounds "10"]
[EventCountry "SRI"]
[SourceTitle "CBM 095 Extra"]
[Source "ChessBase"]
[SourceDate "2003.09.04"]
[SourceVersion "1"]
[SourceVersionDate "2003.09.04"]
[SourceQuality "1"]

1. e4 c5 2. Nf3 d6 3. d4 cxd4 4. Nxd4 Nf6 5. Nc3 Nc6 6. Be3 Ng4 7. Bb5 Nxe3 8. fxe3 Bd7 9. 0-0 Ne5 10. Nf3 Bxb5 11. Nxb5 Qb6 12. Nxe5 dxe5 13. Qd5 e6 14. Qc4 Bc5 15. Kh1 0-0 16. Rad1 Rfd8 17. Rd3 Rxd3 18. cxd3 Bxe3 19. b3 a6 20. Nc3 Qd8 21. Rf3 Rc8 22. Qb4 Bd2 23. Qxb7 Rc7 24. Qxa6 Bxc3 25. g3 Qc8 26. Qd6 Rd7 27. Qb6 Bd4 28. Qb5 Qb7 29. Qa4 h6 30. b4 Qa7 31. Qb3 Rc7 32. a4 Rc3 33. Qa2 Qc7 34. Rf1 Rc1 35. Rxc1 Qxc1+ 36. Kg2 Qb2+ 37. Qxb2 Bxb2 38. b5 Bd4 39. Kf3 f5 40. a5 Kf7 41. Ke2 g5 42. b6 Ke7 43. h4 gxh4 44. gxh4 fxe4 45. dxe4 h5 46. b7 Ba7 0-1

[Event "Asia-ch U20 26th"]
[Site "Negombo"]
[Date "2003.07.19"]
[Round "1"]
[White "Panchanathan, Magesh Chandran"]
[Black "Mohammad, Ali"]
[Result "1-0"]
[WhiteElo "2419"]
[BlackElo "1995"]
[PlyCount "91"]
[EventDate "2003.07.18"]
[EventType "swiss"]
[EventRounds "10"]
[EventCountry "SRI"]
[SourceTitle "CBM 095 Extra"]
[Source "ChessBase"]
[SourceDate "2003.09.04"]
[SourceVersion "1"]
[SourceVersionDate "2003.09.04"]
[SourceQuality "1"]

1. e4 c5 2. Nf3 e6 3. d4 cxd4 4. Nxd4 Nc6 5. Nc3 a6 6. Be3 Qc7 7. Be2 b5 8. 0-0 Bb7 9. Kh1 Nf6 10. a3 Be7 11. f4 d6 12. Bd3 0-0 13. Qf3 Rfe8 14. Rae1 Bf8 15. Qh3 Nd7 16. Nf3 Nc5 17. f5 Ne5 18. Nxe5 dxe5 19. f6 g6 20. Bh6 Qd6 21. Bxb5 Bxh6 22. Bxe8 Qf8 23. b4 Rxe8 24. bxc5 Bf4 25. Ne2 Bd2 26. Rd1 Ba5 27. Qe3 Rc8 28. Rd6 Bc7 29. Rd7 Bc6 30. Rd3 Bb5 31. c4 Bxc4 32. Rc3 Bb5 33. Rd1 Ba5 34. Rcc1 h5 35. Ng1 Bd8 36. Qg5 Ba4 37. Rd6 Bb5 38. Rc3 Qxd6 39. cxd6 Rxc3 40. h3 Bc6 41. Qxe5 Rc4 42. Qb2 Kf8 43. e5 Ke8 44. Nf3 Bxf3 45. gxf3 Rc5 46. Qb7 1-0